000 00660nam a2200229Ia 4500
003 OSt
005 20230619144352.0
008 210423s2002 xx 000 0 und d
020 _a71-7014-861-8
040 _cAL
041 _aeng
082 _a300.72
_223
_bTRIT
100 _aTRIPATHI (P C);SHUKLA (Anita)
_9112815
245 _aText book of research methodology in social sciences
260 _aNew Delhi
_bResearch and Education Association
_c2002
300 _axiv,320
365 _b75
_cINR
650 _aSocial Research
_9112816
650 _aSocial Sciences
_9112817
906 _amethodology ; research ; sciences ; social
942 _2ddc
_cBK
999 _c172917
_d172917